00338nam a2200109Ia 4500082002000000100001800020245009100038260003600129300001500165504002100180710002700201 aRR 016.3092 MON aMonie, Joanna 0aSocial policy and its administration : A survey of the Australian literature 1950-1975 aAustraliabPergamon Pressc1977 axvi, 594p. aIndex : p.523-94 aWise, Adrienne jt. au.